Learning to write-writing to learn

Guardat en:
Dades bibliogràfiques
Autors principals: Mayher, John S. (autor), Lester, Nancy B (Autor), Pradl, Gordon M (Autor)
Format: Llibre
Idioma:anglès
Publicat: Portsmouth Boynton-Cook 1983
Matèries:
Etiquetes: Afegir etiqueta
Sense etiquetes, Sigues el primer a etiquetar aquest registre!

MARC

LEADER 00000nam a2200000 a 4500
001 UCL9842
003 CL-VaPUC
008 040827e19830000uk |||||||||||||||||eng|d
020 |a 0867090731 
082 0 4 |a 418.007  |b MAY  |2 21 
100 |a Mayher, John S.  |e autor  |9 487764 
700 0 |a Lester, Nancy B  |e author  |9 487765 
700 0 |a Pradl, Gordon M  |e author  |9 487766 
245 1 0 |a Learning to write-writing to learn 
300 |a 152 p 
942 |c BK 
945 |d 20040827 00:00:00  |a cmena 
260 |a Portsmouth  |b Boynton-Cook  |c 1983 
650 0 |a Lingüística aplicada   |9 313266 
650 0 |a Lengua inglesa  |9 318842 
650 0 |a Redacción   |9 320524 
650 0 |a Retórica   |9 266620 
583 |a last modification  |c 20130724 05:18:08  |k Rodrigo Vera 
999 |c 310485  |d 310483 
952 |0 0  |1 0  |4 0  |6 418_007000000000000_MAY_1983  |7 0  |8 A  |9 379019  |a BIBEDU  |b BIBEDU  |c ES_NOD  |d 2019-11-21  |i 4055411  |o 418.007 MAY 1983  |p 4055411  |r 2023-08-09  |w 2019-11-21  |y BK  |k LIT